000 00419nam a22001337a 4500
020 _a9780070151543
082 _a519.2
_bSPI
100 _aSpiegel, Murray R.
245 _aSchaum's Outlines: Probability and Statistics /
_cMurray R Spiegel, John J Schiller & R Alu Srinivasan
250 _a3rd Ed.
260 _aNew Delhi:
_bMcGraw Hill Education,
_c2016.
300 _axvii, Invp;
_bPaperback
_c24cm.
942 _2ddc
_cBK
999 _c593571
_d593571